| 000 | 00464cam a2200145 a 4500 | ||
|---|---|---|---|
| 008 | 040126s1993 mx 000 0 spa u | ||
| 035 | _aa434596 | ||
| 050 | 0 |
_aF1341 .42 .B55 _bV35 1993 |
|
| 100 | 1 | _aValdez Aguilar, Rafael | |
| 245 | 1 | 0 |
_aSinaloa : _bnegritud y olvido / _cRafael Valdez Aguilar. |
| 260 |
_aCuliacán, Sinaloa, México : _bEl Diario de Sinaloa, _c1993. |
||
| 300 |
_a159 p. ; _c21 cm. |
||
| 650 | 0 |
_aNegros en Sinaloa _xHistoria |
|
| 942 |
_2lcc _cLIB |
||
| 999 |
_c87080 _d87080 |
||